| 000 | 00513nam a2200181 4500 | ||
|---|---|---|---|
| 999 |
_c164866 _d164866 |
||
| 005 | 20191211111222.0 | ||
| 010 | _aENG-125367 | ||
| 020 |
_a9788121616874 _c195.00 |
||
| 035 | _aEN-108899 | ||
| 037 | _bDBAD/PUB | ||
| 082 | _aS | ||
| 100 | _aMaheep Singh | ||
| 245 |
_aMourning and other stories/ _cby Maheep Singh |
||
| 260 |
_aNew Delhi _bHind Pocket Books _c2012 |
||
| 270 |
_aJ-40, Jorbagh Lane, _bNew Delhi _e110003 _mcontact@fullcirclebooks.in |
||
| 300 |
_a202p. _c20cm(pbk) |
||
| 942 |
_2ddc _cEN _hS _mMAH |
||